| 000 | 00749nas a2200241 4500 | ||
|---|---|---|---|
| 001 | BR9604243 | ||
| 003 | BR-BrBNA | ||
| 005 | 20231205095755.0 | ||
| 007 | ta | ||
| 008 | 230509b bl.|||p| |||| 00| 00por d | ||
| 040 |
_aBR-BrBNA _bpor _cBiblioteca Nacional de Agricultura |
||
| 041 | _a(Pt) | ||
| 072 | _aH60 | ||
| 100 | 1 | _aGroth, D. | |
| 100 | 1 | _aBoaretto, M.R. | |
| 245 | 1 | _aEstudo morfologico das sementes, frutos e plantas de quatro especies invasoras do genero Ipomoea L. | |
| 650 | _aCorda de Viola | ||
| 650 | _aSemente | ||
| 650 | _aMorfologia Vegetal | ||
| 773 | 0 |
_tRevista Brasileira de Sementes (Brazil) _xISSN 0101-3122 _g(1985), v. 7(3) p. 79-97 _wBR9604243 |
|
| 909 |
_a202311 _bLúcia _c55 _dLúcia Elande |
||
| 942 |
_2AGRIS _n0 _cANA |
||
| 999 |
_c152641 _d152641 |
||